Cuaderno de salud ocupacional

Estudio sobre salud ocupacional y accidentes de trabajo, en América Central. Analiza, en forma accesible a una mayoría de trabajadores, la situación de la salud ocupacional en el área. Hace algunas consideraciones teóricas en relación con el problema de la salud ocupacional (concepto, contexto en qu...

Description complète

Enregistré dans:
Détails bibliographiques
Collectivité auteur: CSUCA. Programa Centroamericano de Ciencias de la Salud
Format: Texte
Publié: San José: CSUCA
Sujets:
Tags: Ajouter un tag
Pas de tags, Soyez le premier à ajouter un tag!

MARC

LEADER 00000 a a2200000 04500
001 20333
003
040
090 |a 084600  
110 |a CSUCA. Programa Centroamericano de Ciencias de la Salud  
245 |a Cuaderno de salud ocupacional  
260 |a San José:   |b CSUCA  
300 |a 214 p.  
520 |a Estudio sobre salud ocupacional y accidentes de trabajo, en América Central. Analiza, en forma accesible a una mayoría de trabajadores, la situación de la salud ocupacional en el área. Hace algunas consideraciones teóricas en relación con el problema de la salud ocupacional (concepto, contexto en que se da la relacion salu-trabajo). Examina la situación de la fuerza de trabajo de la salud, legislación y luchas obreraras. Estudia las condiciones de riesgo frecuentes en el medio de trabajo, tales como riesgos ambientales, químicos, sobrecarga física y psíquica y factores de seguridad. Analiza la salud ocupacional en algunos sectores espcíficos de la economía centoramericana./ACM  
650 |a MANO DE OBRA  
650 |a INDICADORES DE SALUD  
650 |a ACCIDENTES DE TRABAJO  
999 |c 14447  |d 14447